Maple Leafs 2019-2020 Roster - Statistics

General Stats
  • This quiz has been taken 54 times
    8 since last reset
  • The average score is 20 of 38
Answer Stats
Position Number Answer % Correct
C 34 Auston Matthews
100%
D 83 Cody Ceci
100%
G 31 Frederik Andersen
100%
C 33 Frederik Gauthier
100%
G 36 Jack Campbell
100%
C 19 Jason Spezza
100%
D 3 Justin Holl
100%
D 94 Tyson Barrie
100%
C 15 Alexander Kerfoot
67%
C 91 John Tavares
67%
RW 24 Kasperi Kapanen
67%
LW 73 Kyle Clifford
67%
G* 30 Michael Hutchinson
67%
RW 16 Mitchell Marner
67%
D 44 Morgan Rielly
67%
C 89 Nick Robertson
67%
D 38 Rasmus Sandin
67%
D 37 Timothy Liljegren
67%
D 23 Travis Dermott
67%
RW 88 William Nylander
67%
LW 11 Zach Hyman
67%
C 77 Adam Brooks
33%
LW 18 Andreas Johnsson
33%
D 48 Calle Rosen
33%
RW 65 Ilya Mikheyev
33%
D 8 Jake Muzzin
33%
G 50 Kasimir Kaskisuo
33%
D 25 Kevin Gravel
33%
D 52 Martin Marincin
33%
LW* 36 Mason Marchment
33%
C 61 Nic Petan
33%
RW 47 Pierre Engvall
33%
C 62 Denis Malgin
0%
LW* 41 Dmytro Timashov
0%
C* 26 Nick Shore
0%
LW 46 Pontus Aberg
0%
LW* 42 Trevor Moore
0%
RW 89 Yegor Korshkov
0%
No matching quizzes found
Score Distribution
Percent of People with Each Score
Percentile by Number Answered
Your Score History
You have not taken this quiz since the last reset